Strategic directions for human development in Papua New Guinea. (Record no. 12224)

000 -LEADER
fixed length control field 00991cam a2200289 a 4500
020 ## - INTERNATIONAL STANDARD BOOK NUMBER
ISBN 9780821369876 (pbk.)
020 ## - INTERNATIONAL STANDARD BOOK NUMBER
ISBN 0821369873 (pbk.)
020 ## - INTERNATIONAL STANDARD BOOK NUMBER
ISBN 0821369881 (electronic)
020 ## - INTERNATIONAL STANDARD BOOK NUMBER
ISBN 9780821369883 (electronic)
040 ## - CATALOGING SOURCE
Transcribing agency DLC
082 00 - DEWEY DECIMAL CLASSIFICATION NUMBER
Classification number 338 WOR 2007 A019 Or.
245 00 - TITLE STATEMENT
Title Strategic directions for human development in Papua New Guinea.
260 ## - PUBLICATION, DISTRIBUTION, ETC. (IMPRINT)
Place of publication Washington, D.C. :
Name of publisher World Bank,
Year of publication c2007.
300 ## - PHYSICAL DESCRIPTION
Number of Pages xviii, 253 p. :
Other physical details ill. ;
Dimensions 23 cm.
490 1# - SERIES STATEMENT
Series statement Directions in development. Human development
500 ## - GENERAL NOTE
General note "Asian Development Bank, Australian Agency for International Development, World Bank."
650 #0 - SUBJECT ADDED ENTRY--TOPICAL TERM
Topical Term Public investments
650 #0 - SUBJECT ADDED ENTRY--TOPICAL TERM
Topical Term Public health
650 #0 - SUBJECT ADDED ENTRY--TOPICAL TERM
Topical Term HIV infections
650 #0 - SUBJECT ADDED ENTRY--TOPICAL TERM
Topical Term AIDS (Disease)
650 #0 - SUBJECT ADDED ENTRY--TOPICAL TERM
Topical Term Education
710 2# - ADDED ENTRY--CORPORATE NAME
Corporate name or jurisdiction name as entry element World Bank.
710 2# - ADDED ENTRY--CORPORATE NAME
Corporate name or jurisdiction name as entry element Asian Development Bank.
710 2# - ADDED ENTRY--CORPORATE NAME
Corporate name or jurisdiction name as entry element Australian Agency for International Development.
856 41 - ELECTRONIC LOCATION AND ACCESS
Uniform Resource Identifier http://www.loc.gov/catdir/toc/ecip0719/2007022000.html
942 ## - ADDED ENTRY ELEMENTS (KOHA)
Koha item type សៀវភៅភាសាអង់គ្លេស
952 ## - LOCATION AND ITEM INFORMATION (KOHA)
Withdrawn status [LOCAL, KOHA] 0
Holdings
Permanent Location Date acquired Koha item type Lost status Shelving location Barcode Current Location Full call number
Library Block A2017-08-11សៀវភៅភាសាអង់គ្លេស A019A08326Library Block A338 WOR 2007 A019 Or.
មជ្ឈមណ្ឌលឯការនៃសាកលវិទ្យាល័យភូមិន្ទកសិកម្មចំការដូង

Powered by Koha